000 00429nam a22001577a 4500
005 20251108163346.0
008 250721s1997 xx 000 0 ara d
082 1 4 _a004/قاض
100 1 _aالقاضي، زياد عبد الكريم
245 1 0 _aأساسيات علم الحاسوب /
264 1 _aعمان :
_bدارصفاء،
_c1997.
300 _a199ص.
650 1 7 _aالحواسيب
942 _2ddc
_cBK
999 _c670
_d670